[Event "21st Sants Open 2019"]
[Site "Cotxeres de Sants"]
[Date "2019.08.31"]
[Round "9.1"]
[White "Neef, Maximilian"]
[Black "Henriquez Villagra, Cristobal"]
[Result "1-0"]
[WhiteElo "2481"]
[BlackElo "2562"]
[Annotator "TA"]
[PlyCount "103"]
[EventDate "2019.08.22"]
[EventType "swiss"]
[EventCountry "ESP"]
[SourceTitle "playchess.com"]
[Source "ChessBase"]
[SourceQuality "1"]

{[%evp 9,103,37,44,3,37,0,16,24,30,26,62,69,67,69,152,157,190,197,187,188,197,198,194,187,186,142,211,209,211,208,217,224,227,217,232,235,223,214,230,218,222,219,254,254,249,250,252,242,253,265,256,226,260,243,252,253,233,208,228,208,201,200,205,203,256,215,230,245,242,216,225,240,208,219,207,209,291,279,279,275,258,239,361,341,452,450,452,440,512,204,761,716,742,749,1066,1053]} 1. Nf3 d5 2. g3 Nd7 3. d4 b5 4. Nc3 c6 5. a3 e6 6. Bg2 {D02: 1 d4 d5 2 Nf3 sidelines, including 2...Nf6 3 g3 and 2...Nf6 3 Bf4} Ngf6 7. O-O $146 ({Predecessor:} 7. e4 b4 8. axb4 Bxb4 9. Nd2 Nb6 10. e5 Nfd7 11. Ne2 {1-0 (42) Meier,G (2623)-Postny,E (2630) Nancy 2019}) 7... Bb7 8. e4 {The position is equal.} dxe4 9. Ng5 c5 10. Ngxe4 Nxe4 11. Nxe4 Bd5 (11... Rc8 $14) 12. Re1 $36 {[%mdl 2048] White is in control.} c4 13. Qh5 $1 {[%cal Rh5d5] Black must now prevent Qxd5!} Nb6 {[#]} 14. Nc3 $1 {[%cal Rc3d5]} Bxg2 15. Kxg2 ({But not} 15. Qxb5+ $6 Qd7 $16) 15... Be7 {[#]} 16. Rxe6 $1 O-O 17. Re2 b4 (17... a6 $16 18. Bf4 Bd6) 18. axb4 $18 Bxb4 19. Ne4 Be7 20. c3 Nd5 21. Nd2 Qd7 22. Ra5 Nb6 23. Nf3 f6 24. Qf5 {Strongly threatening Qxd7.} Qxf5 25. Rxf5 Bd6 26. Ra5 Rf7 27. Be3 Rb7 28. Nd2 Rc8 29. Re1 Nd7 30. Ra2 Kf7 31. Rea1 Bb8 32. Kf3 g5 33. h3 h6 34. g4 Rb5 35. Ke2 Nb6 36. Kd1 h5 37. Kc2 ({Don't play} 37. gxh5 $6 Rh8 $16) 37... hxg4 38. hxg4 Rh8 39. Ra5 Rxa5 40. Rxa5 Rh4 41. Rc5 Rxg4 42. Nxc4 Rg2 43. Kd3 Nd7 44. Ra5 g4 45. d5 Ke8 (45... g3 $142 46. fxg3 (46. Bxa7 gxf2 47. Ke2 Ne5 $18) 46... Rxg3) 46. Ke4 g3 47. fxg3 Rxg3 48. d6 Rh3 49. Kd5 $2 (49. Bd4) 49... Kd8 $2 (49... Rh5+ 50. Ke6 Nf8+ 51. Kxf6 Nd7+ 52. Kg6 Rxa5 53. Nxa5 Nb6) 50. Kc6 {White is clearly winning.} Rh4 51. Bd4 Kc8 52. Ra1 {Accuracy: White = 82%, Black = 41%.} 1-0

[Event "21st Sants Open 2019"]
[Site "Cotxeres de Sants"]
[Date "2019.08.31"]
[Round "9.2"]
[White "Arjun Kalyan"]
[Black "Harsha Bharathakoti"]
[Result "0-1"]
[WhiteElo "2482"]
[BlackElo "2489"]
[Annotator "ChessBase"]
[PlyCount "52"]
[EventDate "2019.08.22"]
[EventType "swiss"]
[EventCountry "ESP"]
[SourceTitle "playchess.com"]
[Source "ChessBase"]
[SourceQuality "1"]
[TimeControl "40/5400+30:1800+30"]

1. e4 {[%emt 0:00:00]} c5 {[%emt 0:03:29]} 2. Nf3 {[%emt 0:00:00]} d6 {[%emt 0:00:17]} 3. Bb5+ {[%emt 0:00:00]} Nd7 {[%emt 0:00:34]} 4. O-O {[%emt 0:00:10]} Ngf6 {[%emt 0:05:16]} 5. Re1 {[%emt 0:00:13]} a6 {[%emt 0:00:05]} 6. Bd3 {[%emt 0:00:18]} e6 {[%emt 0:01:02]} 7. c3 {[%emt 0:00:30]} b5 {[%emt 0:03:44]} 8. Bc2 {[%emt 0:00:27]} c4 {[%emt 0:02:06]} 9. a4 {[%emt 0:00:20]} Bb7 {[%emt 0:00:12]} 10. d4 {[%emt 0:00:10]} cxd3 {[%emt 0:00:10]} 11. Qxd3 {[%emt 0:00:12]} Nc5 {[%emt 0:00:47]} 12. Qe2 {[%emt 0:00:07]} bxa4 {[%emt 0:00:21]} 13. e5 {[%emt 0:00:20]} dxe5 {[%emt 0:00:23]} 14. Nxe5 {[%emt 0:00:08]} Qd5 {[%emt 0:00:17]} 15. f3 {[%emt 0:00:24]} Bd6 {[%emt 0:06:38]} 16. Nd2 {[%emt 0:01:09]} Bxe5 {[%emt 0:04:25]} 17. Qxe5 {[%emt 0:00:02]} Qxe5 {[%emt 0:00:25]} 18. Rxe5 {[%emt 0:00:02]} Nfd7 {[%emt 0:00:22]} 19. Rh5 {[%emt 0:00:18]} f5 {[%emt 0:22:48]} 20. Nc4 {[%emt 0:18:27]} O-O {[%emt 0:03:55]} 21. Na5 {[%emt 0:25:46]} Rab8 {[%emt 0:07:14]} 22. Rh4 {[%emt 0:05:30]} Ba8 {[%emt 0:11:52]} 23. Rb4 {[%emt 0:04:25]} Rb5 {[%emt 0:01:57]} 24. Nc4 {[%emt 0:04:03]} Rfb8 {[%emt 0:05:02]} 25. Bd2 {[%emt 0:11:16]} Bd5 {[%emt 0:01:53]} 26. Bxa4 {[%emt 0:07:36]} Rxb4 {[%emt 0:00:34]} 0-1

[Event "21st Sants Open 2019"]
[Site "Cotxeres de Sants"]
[Date "2019.08.31"]
[Round "9.3"]
[White "Vaibhav, Suri"]
[Black "Hillarp Persson, Tiger"]
[Result "1-0"]
[WhiteElo "2591"]
[BlackElo "2558"]
[Annotator "ChessBase"]
[PlyCount "115"]
[EventDate "2019.08.22"]
[EventType "swiss"]
[EventCountry "ESP"]
[SourceTitle "playchess.com"]
[Source "ChessBase"]
[SourceQuality "1"]
[TimeControl "40/5400+30:1800+30"]

1. e4 {[%emt 0:00:00]} c5 {[%emt 0:00:00]} 2. Nf3 {[%emt 0:00:03]} d6 {[%emt 0:00:00]} 3. d4 {[%emt 0:00:12]} cxd4 {[%emt 0:00:00]} 4. Qxd4 {[%emt 0:00:08]} Nc6 {[%emt 0:00:50]} 5. Qe3 {[%emt 0:00:28]} g6 {[%emt 0:28:33]} 6. Be2 {[%emt 0:00:13]} Bg7 {[%emt 0:00:17]} 7. O-O {[%emt 0:00:15]} Nh6 {[%emt 0:05:22]} 8. h3 {[%emt 0:00:17]} O-O {[%emt 0:00:14]} 9. Rd1 {[%emt 0:00:05]} f5 {[%emt 0:05:41]} 10. e5 {[%emt 0:00:15]} Nf7 {[%emt 0:00:09]} 11. exd6 {[%emt 0:12:00]} Nxd6 {[%emt 0:09:29]} 12. Qb3+ {[%emt 0:03:10]} Kh8 {[%emt 0:00:27]} 13. Nc3 {[%emt 0:00:13]} Qe8 {[%emt 0:25:59]} 14. Be3 {[%emt 0:30:15]} h6 {[%emt 0:01:23]} 15. Bc5 {[%emt 0:14:21]} g5 {[%emt 0:00:21]} 16. Bxd6 {[%emt 0:09:45]} exd6 {[%emt 0:00:06]} 17. Rxd6 {[%emt 0:00:21]} Qe7 {[%emt 0:04:26]} 18. Qa3 {[%emt 0:04:38]} g4 {[%emt 0:05:01]} 19. Nd5 {[%emt 0:04:48]} Qxe2 {[%emt 0:00:21]} 20. Nf4 {[%emt 0:00:34]} gxf3 {[%emt 0:00:21]} 21. Nxe2 {[%emt 0:00:50]} fxe2 {[%emt 0:00:07]} 22. Re1 {[%emt 0:02:46]} f4 {[%emt 0:00:05]} 23. Rxe2 {[%emt 0:00:46]} f3 {[%emt 0:00:09]} 24. Re3 {[%emt 0:02:25]} fxg2 {[%emt 0:00:09]} 25. Rg3 {[%emt 0:00:17]} Bf5 {[%emt 0:00:11]} 26. Rxg7 {[%emt 0:04:36]} Kxg7 {[%emt 0:00:28]} 27. Qc3+ {[%emt 0:00:57]} Kh7 {[%emt 0:01:06]} 28. Qe3 {[%emt 0:00:17]} Bg6 {[%emt 0:01:02]} 29. Qe6 {[%emt 0:01:28]} Rg8 {[%emt 0:00:17]} 30. Rd7+ {[%emt 0:00:41]} Rg7 {[%emt 0:00:08]} 31. Rxg7+ {[%emt 0:00:18]} Kxg7 {[%emt 0:00:08]} 32. Qd7+ {[%emt 0:00:01]} Bf7 {[%emt 0:00:12]} 33. Qxb7 {[%emt 0:00:33]} Rd8 {[%emt 0:00:09]} 34. c4 {[%emt 0:02:56]} Ne5 {[%emt 0:05:25]} 35. b3 {[%emt 0:00:37]} Kf6 {[%emt 0:01:29]} 36. Kxg2 {[%emt 0:02:46]} Be8 {[%emt 0:06:03]} 37. Qh7 {[%emt 0:01:40]} Bc6+ {[%emt 0:01:31]} 38. Kh2 {[%emt 0:00:09]} Nf7 {[%emt 0:00:42]} 39. Kg3 {[%emt 0:01:50]} Re8 {[%emt 0:00:32]} 40. Qd3 {[%emt 0:00:00]} Rd8 {[%emt 0:00:00]} 41. Qe3 {[%emt 0:06:27]} Ng5 {[%emt 0:13:23]} 42. h4 {[%emt 0:03:39]} Ne6 {[%emt 0:02:22]} 43. Qxh6+ {[%emt 0:02:08]} Kf5 {[%emt 0:01:29]} 44. Qh7+ {[%emt 0:03:10]} Kf6 {[%emt 0:00:34]} 45. h5 {[%emt 0:07:20]} Rd1 {[%emt 0:01:58]} 46. Qh6+ {[%emt 0:01:23]} Kf7 {[%emt 0:01:35]} 47. f3 {[%emt 0:03:01]} a5 {[%emt 0:11:12]} 48. Kf2 {[%emt 0:02:46]} Ke7 {[%emt 0:01:08]} 49. Qh7+ {[%emt 0:00:51]} Kd6 {[%emt 0:00:38]} 50. h6 {[%emt 0:01:13]} Ra1 {[%emt 0:01:06]} 51. c5+ {[%emt 0:02:39]} Kxc5 {[%emt 0:00:27]} 52. Qc2+ {[%emt 0:00:41]} Kb6 {[%emt 0:00:19]} 53. Qe2 {[%emt 0:01:17]} Nc5 {[%emt 0:00:37]} 54. h7 {[%emt 0:01:09]} Rh1 {[%emt 0:00:22]} 55. Qe7 {[%emt 0:00:18]} Nd3+ {[%emt 0:00:41]} 56. Kg3 {[%emt 0:00:31]} Ne1 {[%emt 0:00:44]} 57. Qd8+ {[%emt 0:00:44]} Kc5 {[%emt 0:00:29]} 58. Qxa5+ {[%emt 0:00:34]} 1-0

[Event "21st Sants Open 2019"]
[Site "Cotxeres de Sants"]
[Date "2019.08.31"]
[Round "9.4"]
[White "Valderrama Quiceno, Esteban Alb"]
[Black "Bauer, Christian"]
[Result "0-1"]
[WhiteElo "2429"]
[BlackElo "2626"]
[Annotator "RC"]
[PlyCount "80"]
[EventDate "2019.08.22"]
[EventType "swiss"]
[EventCountry "ESP"]
[SourceTitle "playchess.com"]
[Source "ChessBase"]
[SourceQuality "1"]
[TimeControl "40/5400+30:1800+30"]

1. Nf3 {[%emt 0:01:24]} Nf6 {[%emt 0:00:00]} 2. g3 {[%emt 0:00:24]} c6 {[%emt 0:00:00]} 3. Bg2 {[%emt 0:00:12]} d6 {[%emt 0:00:00]} 4. d4 {[%emt 0:08:02]} Nbd7 {[%emt 0:01:53]} 5. c4 {[%emt 0:10:42]} e5 {[%emt 0:00:57]} 6. Nc3 {[%emt 0:06:27]} e4 {[%emt 0:00:59]} 7. Nd2 {[%emt 0:06:06]} d5 {[%emt 0:03:27]} 8. O-O {[%emt 0:00:24]} Be7 {[%emt 0:03:05]} 9. cxd5 {[%emt 0:08:25]} cxd5 {[%emt 0:00:10]} 10. Qb3 {[%emt 0:05:40]} Nb6 {[%emt 0:05:15]} 11. a4 {[%emt 0:00:35]} a5 {[%emt 0:05:13]} 12. Ndb1 {[%emt 0:08:36]} O-O {[%emt 0:04:21]} 13. Nb5 {[%emt 0:05:18]} Bg4 {[%emt 0:07:24]} 14. N1c3 {[%emt 0:04:05]} Rc8 {[%emt 0:03:33]} 15. f3 {[%emt 0:05:29]} exf3 {[%emt 0:03:14]} 16. exf3 {[%emt 0:00:12]} Bf5 {[%emt 0:05:11]} 17. Bf4 {[%emt 0:02:33]} Bb4 {[%emt 0:06:42]} 18. g4 {[%emt 0:04:28]} Bd3 {[%emt 0:05:40]} 19. Rf2 {[%emt 0:00:20]} Re8 {[%emt 0:00:44]} 20. Qd1 {[%emt 0:01:04]} Bxb5 {[%emt 0:08:23]} 21. axb5 {[%emt 0:03:57]} Nc4 {[%emt 0:01:50]} 22. Qb3 {[%emt 0:02:35]} Qb6 {[%emt 0:13:00]} 23. Bg5 {[%emt 0:02:00]} Nxb2 {[%emt 0:02:57]} 24. Na2 {[%emt 0:01:48]} Nc4 {[%emt 0:00:40]} 25. Nxb4 {[%emt 0:00:13]} axb4 {[%emt 0:00:18]} 26. Rd1 {[%emt 0:01:39]} h6 {[%emt 0:01:57]} 27. Bf4 {[%emt 0:00:26]} Qxb5 {[%emt 0:05:06]} 28. Bf1 {[%emt 0:02:26]} Qb6 {[%emt 0:00:10]} 29. h3 {[%emt 0:08:26]} Nh7 {[%emt 0:04:17]} 30. Bd3 {[%emt 0:00:23]} Ng5 {[%emt 0:00:18]} 31. Kh2 {[%emt 0:00:20]} Ne6 {[%emt 0:00:56]} 32. Bg3 {[%emt 0:00:04]} Nxd4 {[%emt 0:00:59]} 33. Qb1 {[%emt 0:00:13]} b3 {[%emt 0:03:30]} 34. h4 {[%emt 0:00:27]} Re3 {[%emt 0:01:16]} 35. Kg2 {[%emt 0:00:22]} Rce8 {[%emt 0:00:49]} 36. g5 {[%emt 0:01:28]} R3e6 {[%emt 0:00:57]} 37. Kh3 {[%emt 0:00:25]} Ne3 {[%emt 0:00:17]} 38. Rdd2 {[%emt 0:00:12]} Nc4 {[%emt 0:02:18]} 39. Rd1 {[%emt 0:00:28]} Na3 {[%emt 0:00:49]} 40. Qb2 {[%emt 0:00:00]} Nac2 {[%emt 0:00:00]} 0-1

[Event "21st Sants Open 2019"]
[Site "Cotxeres de Sants"]
[Date "2019.08.31"]
[Round "9.5"]
[White "Antal, Gergely"]
[Black "Bosch, Jeroen"]
[Result "1-0"]
[WhiteElo "2549"]
[BlackElo "2422"]
[Annotator "ChessBase"]
[PlyCount "65"]
[EventDate "2019.08.22"]
[EventType "swiss"]
[EventCountry "ESP"]
[SourceTitle "playchess.com"]
[Source "ChessBase"]
[SourceQuality "1"]
[TimeControl "40/5400+30:1800+30"]

1. e4 c5 2. Nf3 g6 3. d4 cxd4 4. Qxd4 Nf6 5. Nc3 Nc6 6. Qa4 d6 7. e5 dxe5 8. Nxe5 Bd7 9. Nxd7 Nxd7 10. Be3 Bg7 11. Rd1 O-O 12. Be2 e6 13. h4 Qe7 14. Bg5 f6 15. Bf4 Nb6 16. Qb3 Rfd8 17. Be3 f5 18. h5 Rxd1+ 19. Bxd1 Na5 20. Qb5 Nbc4 21. hxg6 hxg6 22. Bc5 Qd8 23. O-O a6 24. Qb4 b5 25. Bf3 Rc8 26. Rd1 Qc7 27. Bd6 Qb6 28. b3 Nxd6 29. Rxd6 Qc7 30. Nd5 exd5 31. Bxd5+ Kh7 32. Qh4+ Bh6 33. Re6 1-0

[Event "21st Sants Open 2019"]
[Site "Cotxeres de Sants"]
[Date "2019.08.31"]
[Round "9.6"]
[White "Gokerkan, Cem Kaan"]
[Black "Sosa, Tomas"]
[Result "1-0"]
[WhiteElo "2421"]
[BlackElo "2508"]
[Annotator "TA"]
[PlyCount "109"]
[EventDate "2019.08.22"]
[EventType "swiss"]
[EventCountry "ESP"]
[SourceTitle "playchess.com"]
[Source "ChessBase"]
[SourceQuality "1"]

{[%evp 11,109,25,31,33,20,4,29,20,17,0,36,3,54,-13,-18,-18,-15,-17,-5,-14,-15,-25,0,-42,-46,-16,-12,-45,0,0,3,0,9,14,21,0,0,0,0,-8,18,14,62,63,56,62,88,71,93,96,94,95,114,98,110,18,116,97,131,119,141,110,125,116,140,130,165,168,175,148,138,29,141,118,168,162,152,117,130,61,385,335,331,329,1181,1181,1146,1121,6203,6191,6291,6295,29989,29990,6422,6179,5321,5281,29990,29991]} 1. e4 e5 2. Nf3 Nc6 3. Bc4 Nf6 4. d3 Bc5 5. c3 a6 6. O-O Ba7 7. Bg5 {C54: Giuoco Piano: 4 c3 Nf6, main lines with 5 d4 and 5 d3} h6 8. Bh4 d6 9. Nbd2 {White has an edge.} g5 10. Bg3 Qe7 11. b4 Bg4 (11... h5 $11 12. h4 (12. Nxg5 Bg4 $15) 12... g4) 12. b5 $146 (12. h3 $14 Be6 13. a4) ({Predecessor:} 12. h3 Bh5 13. Re1 Bg6 14. a4 Nh5 {1-0 (117) Demchenko,A (2596)-Jakovenko,D (2745) Khanty-Mansiysk 2014}) 12... axb5 $11 13. Bxb5 Nh5 14. Kh1 O-O 15. h3 Be6 16. Bh2 Ng7 17. d4 exd4 18. Bxc6 $1 bxc6 19. Nxd4 Bxd4 20. cxd4 f5 21. Re1 fxe4 22. Nxe4 Qf7 23. a3 Bd5 24. f3 Nf5 25. Nc3 Ra5 (25... Bc4 {keeps more tension.} 26. Qd2 Qg7 27. Bg1 h5 28. Bf2 g4) 26. a4 Qg7 27. Nxd5 cxd5 28. Bg1 Qd7 29. Bf2 Rf7 30. Qb3 Ne7 31. Rec1 Kg7 32. Be1 Ra7 33. Qb8 ({White should try} 33. Bd2 $16) 33... c6 (33... Rxa4 $11 {remains equal.} 34. Rxa4 Qxa4) 34. Qb2 Ng6 35. Bg3 Nf4 {Black wants to play ...Nd3.} 36. Qc2 Ra6 37. a5 Qd8 38. Qd2 Nh5 {[#]} 39. Bh2 $1 Rfa7 {[%cal Ra6a5]} 40. Qb4 Nf4 41. Ra3 ({White should play} 41. Bxf4 $1 $16 gxf4 42. Qd2) 41... Qc7 (41... Rxa5 $11 {keeps the balance.} 42. Rxa5 Qxa5 43. Qxd6 Qd2 44. Qe5+ {[#]} Kh7 $1 {[%mdl 512]} 45. Bxf4 Qxf4 46. Qxf4 gxf4) 42. Qd2 Qf7 43. Re1 Rb7 44. Rae3 Rba7 45. Qb4 (45. Bxf4 $1 $16 gxf4 46. Re6) 45... Rd7 $2 {[%mdl 8192]} (45... Rxa5 $14 46. Qxd6 Ra1) 46. Bg3 Qf6 47. Bxf4 {[%mdl 64] Overworked Piece} Qxf4 $2 (47... gxf4 48. Re6 Qf8) 48. Re7+ $18 Rxe7 49. Rxe7+ {[%mdl 4096] Endgame KQR-KQR} Kf6 50. Qe1 {[%csl Ge7][%cal Re1e6]} Qf5 51. g4 Qc8 52. Rh7 Qg8 53. Qb1 {[%csl Gg4][%cal Rb1f5]} Qg6 54. Qb7 {[%csl Gh7][%cal Rb7e7]} Ra7 55. Qxa7 {Accuracy: White = 64%, Black = 29%.} 1-0

[Event "21st Sants Open 2019"]
[Site "Cotxeres de Sants"]
[Date "2019.08.31"]
[Round "9.7"]
[White "Gines Esteo, Pedro Antonio"]
[Black "Salinas Herrera, Pablo"]
[Result "1-0"]
[WhiteElo "2417"]
[BlackElo "2506"]
[Annotator "RC"]
[PlyCount "91"]
[EventDate "2019.08.22"]
[EventType "swiss"]
[EventCountry "ESP"]
[SourceTitle "playchess.com"]
[Source "ChessBase"]
[SourceQuality "1"]
[TimeControl "40/5400+30:1800+30"]

1. d4 {[%emt 0:08:28]} d5 {[%emt 0:01:35]} 2. Nf3 {[%emt 0:00:17]} e6 {[%emt 0:01:23]} 3. c4 {[%emt 0:07:51]} a6 {[%emt 0:00:53]} 4. cxd5 {[%emt 0:05:06]} exd5 {[%emt 0:00:05]} 5. Bg5 {[%emt 0:00:17]} Be7 {[%emt 0:02:12]} 6. Bxe7 {[%emt 0:00:05]} Qxe7 {[%emt 0:00:16]} 7. Nc3 {[%emt 0:01:31]} Nf6 {[%emt 0:00:06]} 8. Qc2 {[%emt 0:02:47]} O-O {[%emt 0:07:56]} 9. e3 {[%emt 0:01:03]} c5 {[%emt 0:03:58]} 10. dxc5 {[%emt 0:01:12]} Nc6 {[%emt 0:00:23]} 11. Be2 {[%emt 0:01:39]} Qxc5 {[%emt 0:02:06]} 12. Rd1 {[%emt 0:18:17]} Be6 {[%emt 0:04:00]} 13. O-O {[%emt 0:00:26]} Rac8 {[%emt 0:03:05]} 14. Qb1 {[%emt 0:05:07]} Rfd8 {[%emt 0:11:01]} 15. Nd4 {[%emt 0:12:45]} Qe7 {[%emt 0:09:52]} 16. Nxc6 {[%emt 0:01:39]} bxc6 {[%emt 0:00:07]} 17. Bxa6 {[%emt 0:01:35]} Rb8 {[%emt 0:00:06]} 18. Ne2 {[%emt 0:09:28]} Bg4 {[%emt 0:03:05]} 19. h3 {[%emt 0:06:51]} Bh5 {[%emt 0:01:06]} 20. b3 {[%emt 0:02:26]} Ne4 {[%emt 0:00:21]} 21. Qc2 {[%emt 0:00:38]} c5 {[%emt 0:15:38]} 22. Bd3 {[%emt 0:01:01]} f5 {[%emt 0:00:04]} 23. Rc1 {[%emt 0:00:37]} Rbc8 {[%emt 0:00:07]} 24. Rfe1 {[%emt 0:05:33]} Qg5 {[%emt 0:00:28]} 25. Nf4 {[%emt 0:00:33]} Bf7 {[%emt 0:00:07]} 26. Red1 {[%emt 0:01:29]} Qe7 {[%emt 0:08:03]} 27. Ba6 {[%emt 0:00:59]} Ra8 {[%emt 0:02:19]} 28. Bd3 {[%emt 0:00:01]} Rdc8 {[%emt 0:07:24]} 29. Be2 {[%emt 0:01:50]} Qe5 {[%emt 0:00:39]} 30. Bf3 {[%emt 0:00:18]} c4 {[%emt 0:05:50]} 31. Rd4 {[%emt 0:01:18]} g5 {[%emt 0:05:02]} 32. Ne2 {[%emt 0:00:07]} Nd6 {[%emt 0:00:46]} 33. Rcd1 {[%emt 0:01:44]} cxb3 {[%emt 0:00:04]} 34. Qxb3 {[%emt 0:00:07]} Ne4 {[%emt 0:00:02]} 35. a4 {[%emt 0:01:32]} Nf6 {[%emt 0:01:51]} 36. g3 {[%emt 0:00:24]} Rab8 {[%emt 0:00:32]} 37. Qa3 {[%emt 0:00:58]} Rc2 {[%emt 0:03:24]} 38. Rc1 {[%emt 0:00:15]} Qc7 {[%emt 0:00:58]} 39. Rdd1 {[%emt 0:00:36]} Rc4 {[%emt 0:00:57]} 40. a5 {[%emt 0:00:00]} Rb5 {[%emt 0:00:00]} 41. Ra1 {[%emt 0:13:57]} Rcc5 {[%emt 0:05:07]} 42. a6 {[%emt 0:00:11]} Ra5 {[%emt 0:00:03]} 43. Qb2 {[%emt 0:02:06]} Ne8 {[%emt 0:00:48]} 44. Nd4 {[%emt 0:01:13]} Nd6 {[%emt 0:00:02]} 45. Nb3 {[%emt 0:00:33]} Rxa1 {[%emt 0:02:03]} 46. Qxa1 {[%emt 0:00:23]} 1-0

[Event "21st Sants Open 2019"]
[Site "Cotxeres de Sants"]
[Date "2019.08.31"]
[Round "9.8"]
[White "Song, Raymond"]
[Black "Panelo, Marcelo"]
[Result "1-0"]
[WhiteElo "2471"]
[BlackElo "2378"]
[Annotator "ChessBase"]
[PlyCount "95"]
[EventDate "2019.08.22"]
[EventType "swiss"]
[EventCountry "ESP"]
[SourceTitle "playchess.com"]
[Source "ChessBase"]
[SourceQuality "1"]
[TimeControl "40/5400+30:1800+30"]

1. e4 {[%emt 0:00:00]} c5 {[%emt 0:02:50]} 2. Nf3 {[%emt 0:00:00]} d6 {[%emt 0:00:53]} 3. d4 {[%emt 0:00:00]} cxd4 {[%emt 0:00:06]} 4. Nxd4 {[%emt 0:00:00]} Nf6 {[%emt 0:00:06]} 5. Nc3 {[%emt 0:00:00]} a6 {[%emt 0:02:10]} 6. h3 {[%emt 0:00:01]} e6 {[%emt 0:00:29]} 7. g4 {[%emt 0:00:04]} h6 {[%emt 0:00:14]} 8. Bg2 {[%emt 0:00:03]} g5 {[%emt 0:00:54]} 9. Be3 {[%emt 0:00:05]} Nbd7 {[%emt 0:00:06]} 10. Qe2 {[%emt 0:00:04]} Ne5 {[%emt 0:00:11]} 11. Rf1 {[%emt 0:00:08]} Nfd7 {[%emt 0:03:45]} 12. O-O-O {[%emt 0:00:10]} b5 {[%emt 0:01:43]} 13. f4 {[%emt 0:03:02]} gxf4 {[%emt 0:00:11]} 14. Bxf4 {[%emt 0:00:13]} Bb7 {[%emt 0:00:29]} 15. Kb1 {[%emt 0:07:55]} Rc8 {[%emt 0:09:57]} 16. Nd5 {[%emt 0:03:57]} exd5 {[%emt 0:01:18]} 17. exd5 {[%emt 0:00:03]} Qb6 {[%emt 0:10:08]} 18. Be3 {[%emt 0:02:33]} Qc7 {[%emt 0:15:24]} 19. Nf5 {[%emt 0:04:05]} Qa5 {[%emt 0:15:05]} 20. Bd2 {[%emt 0:03:47]} Qb6 {[%emt 0:05:30]} 21. Be3 {[%emt 0:01:31]} Qa5 {[%emt 0:00:21]} 22. Bd2 {[%emt 0:04:02]} Qb6 {[%emt 0:00:21]} 23. Qe1 {[%emt 0:05:23]} Qc5 {[%emt 0:03:17]} 24. Be4 {[%emt 0:00:36]} Qb6 {[%emt 0:09:47]} 25. Rf2 {[%emt 0:04:55]} Rc4 {[%emt 0:00:33]} 26. Bg2 {[%emt 0:02:46]} Qc7 {[%emt 0:04:28]} 27. b3 {[%emt 0:03:05]} Rc5 {[%emt 0:01:40]} 28. Bb4 {[%emt 0:00:19]} Qb6 {[%emt 0:00:08]} 29. Ba5 {[%emt 0:10:39]} Qa7 {[%emt 0:00:08]} 30. Re2 {[%emt 0:00:01]} Rg8 {[%emt 0:00:42]} 31. Qh4 {[%emt 0:00:40]} Qa8 {[%emt 0:04:55]} 32. Nxh6 {[%emt 0:21:06]} Rh8 {[%emt 0:00:23]} 33. g5 {[%emt 0:00:01]} Bxd5 {[%emt 0:03:16]} 34. Rxd5 {[%emt 0:03:30]} Rxd5 {[%emt 0:00:06]} 35. Rd2 {[%emt 0:01:08]} Qa7 {[%emt 0:04:01]} 36. Bxd5 {[%emt 0:01:29]} Qg1+ {[%emt 0:00:05]} 37. Kb2 {[%emt 0:00:02]} Bg7 {[%emt 0:01:12]} 38. Bc3 {[%emt 0:03:48]} Qc5 {[%emt 0:01:28]} 39. Bxf7+ {[%emt 0:10:55]} Kd8 {[%emt 0:00:38]} 40. Qe4 {[%emt 0:00:00]} b4 {[%emt 0:00:00]} 41. Bd4 {[%emt 0:07:15]} Nf3 {[%emt 0:01:21]} 42. Bxg7 {[%emt 0:02:23]} Nxd2 {[%emt 0:00:02]} 43. Qf4 {[%emt 0:01:03]} Ne5 {[%emt 0:00:00]} 44. Qxd2 {[%emt 0:01:13]} Rh7 {[%emt 0:05:49]} 45. Bf6+ {[%emt 0:00:21]} Kc7 {[%emt 0:00:05]} 46. Bg8 {[%emt 0:01:32]} Rd7 {[%emt 0:00:08]} 47. Be6 {[%emt 0:00:43]} Nf3 {[%emt 0:01:07]} 48. Qd5 {[%emt 0:01:12]} 1-0

[Event "21st Sants Open 2019"]
[Site "Cotxeres de Sants"]
[Date "2019.08.31"]
[Round "9.9"]
[White "Brochet, Philippe"]
[Black "Arenas, David"]
[Result "0-1"]
[WhiteElo "2400"]
[BlackElo "2448"]
[Annotator "NA"]
[PlyCount "54"]
[EventDate "2019.08.22"]
[EventType "swiss"]
[EventCountry "ESP"]
[SourceTitle "playchess.com"]
[Source "ChessBase"]
[SourceQuality "1"]
[TimeControl "40/5400+30:1800+30"]

1. e4 {[%emt 0:00:00]} c5 {[%emt 0:00:00]} 2. Nf3 {[%emt 0:00:00]} g6 {[%emt 0:01:12]} 3. g3 {[%emt 0:09:51]} Nc6 {[%emt 0:02:58]} 4. Bg2 {[%emt 0:02:11]} Nf6 {[%emt 0:03:34]} 5. Nc3 {[%emt 0:01:23]} d6 {[%emt 0:00:04]} 6. O-O {[%emt 0:11:48]} Bg7 {[%emt 0:00:10]} 7. Re1 {[%emt 0:00:05]} Bg4 {[%emt 0:06:48]} 8. h3 {[%emt 0:03:14]} Bxf3 {[%emt 0:00:05]} 9. Qxf3 {[%emt 0:00:40]} Rb8 {[%emt 0:01:13]} 10. Nd5 {[%emt 0:03:24]} Nd7 {[%emt 0:07:22]} 11. d3 {[%emt 0:02:29]} O-O {[%emt 0:00:11]} 12. c3 {[%emt 0:01:10]} b5 {[%emt 0:02:47]} 13. Qe2 {[%emt 0:08:00]} b4 {[%emt 0:05:41]} 14. Bd2 {[%emt 0:02:05]} Nb6 {[%emt 0:07:27]} 15. Nxb6 {[%emt 0:12:50]} Qxb6 {[%emt 0:01:22]} 16. cxb4 {[%emt 0:14:02]} Nd4 {[%emt 0:02:30]} 17. Qd1 {[%emt 0:00:02]} cxb4 {[%emt 0:00:05]} 18. Qa4 {[%emt 0:02:52]} b3 {[%emt 0:08:28]} 19. Be3 {[%emt 0:02:03]} Qb5 {[%emt 0:01:24]} 20. Qxb5 {[%emt 0:02:51]} Rxb5 {[%emt 0:00:02]} 21. Bxd4 {[%emt 0:07:21]} Bxd4 {[%emt 0:00:48]} 22. Re2 {[%emt 0:00:18]} Ra5 {[%emt 0:05:50]} 23. a4 {[%emt 0:00:22]} Rc5 {[%emt 0:00:58]} 24. Bf3 {[%emt 0:03:57]} Rfc8 {[%emt 0:02:29]} 25. Ra3 {[%emt 0:00:50]} Rc1+ {[%emt 0:01:31]} 26. Kg2 {[%emt 0:00:09]} Rb8 {[%emt 0:00:01]} 27. e5 {[%emt 0:00:44]} Bc5 {[%emt 0:00:27]} 0-1